000 00550nam a2200205Ia 4500
008 210417s9999 xx 000 0 und d
020 _a9781259251061
020 _b1259251063
082 _a650.0151 JAG
082 _b22.650.0151 JAG
245 0 _aBusiness Statistics Communication with Number
245 0 _cBusiness Statistics Communication with Number
250 _a2
250 _b"xxxii .800 ,; pbk"
260 _aNew York
260 _bMcGraw-Hill Education
260 _c2015
700 _aNULL
700 _bSanjiv Jagga and Kelly
999 _c493230
_d493230